[Event "ICS rated blitz match"]
[Site "207.99.83.229"]
[Date "1999.06.12"]
[Round "?"]
[White "Hossa"]
[Black "Amateur"]
[Result "0-1"]
[WhiteElo "2441"]
[BlackElo "2534"]
[Annotator "Fritz 5.32 (22s)"]
[PlyCount "85"]

1. e4 1... e5 {Opening = C84 - 5.0-0 Be7(6.d4 ---)} 2. Nf3 Nc6 3. Bb5 a6 4. Ba4
Nf6 5. O-O Be7 6. Nc3 b5 7. Bb3 O-O 8. d4 $15 (8. d3 8... Bb7 $11) (8. a4 b4 9.
Nd5 Nxe4 10. Nxe7+ Nxe7 11. Nxe5 Bb7 12. d3 Nc5 13. Nxf7 Qb8 14. Nh6+ Kh8 15.
Nf7+ Kg8 16. Ne5+ Nxb3 17. cxb3 Qe8 18. Qg4 d6 19. Nc4 Rf6 20. f3 Rg6 21. Qh3
Nd5 22. Kf2 Qf7 23. Bd2 Rf8 24. Rae1 Bc8 25. g4 Bxg4 26. Qg3 Bh5 27. Bg5 Qxf3+
28. Kg1 Qxg3+ 29. hxg3 Rxf1+ 30. Kxf1 30... Rxg5 {
0-1 Prokes,L-Euwe,M/Bad Pistyan ;HCL 11 1922 (30)}) 8... exd4 9. Nxd4 $2 $19 (
9. Nd5 $5 $15 $142 {damit waere Weiss im Spiel geblieben}) 9... Nxd4 10. Qxd4
c5 11. Qd1 c4 12. e5 Ne8 (12... cxb3 $6 13. exf6 Bxf6 14. Qf3 $11) 13. Bxc4
bxc4 14. Qd5 Rb8 15. Qxc4 Nc7 16. Rd1 Rb4 17. Qd3 Re8 18. a3 Rb6 19. Qd4 $19 (
19. b4 Re6 20. Bf4 20... Bh4 $17) 19... Rg6 {
Schwarz haelt das Heft fest in der Hand} 20. Ne4 Ne6 21. Qc3 Bb7 22. Re1 (22.
Ng3 22... d5 $19) 22... Qa8 23. f3 Rc8 24. Qd2 $2 (24. Qd3 Bxe4 25. fxe4 Qa7+
26. Kf1 $19) 24... Bxe4 25. Rxe4 Ng5 26. Qd3 Nxe4 27. fxe4 Qb8 (27... Rg4 $5 {
gibt noch groesseren Vorteil} 28. h3 Rxe4 29. Kf1 $19) 28. c3 Rc5 (28... Re6 $5
$142 {damit wuerde Schwarz es sich noch erleichtern} 29. Bd2 $19) 29. b4 Rxe5
30. Bf4 Qa7+ 31. Kh1 Rh5 (31... Ree6 $5 {ginge schneller} 32. e5 $19) 32. Rf1
Qb7 33. Qf3 Rb5 34. c4 Rbb6 35. Be5 {Droht Matt: Qxf7} 35... Bf6 36. Bf4 Re6
37. Re1 Be5 38. Bxe5 (38. Bd2 {waere gleichermassen fruchtlos} 38... Qc7 39. g3
39... Ref6 $19 (39... Qxc4 $6 {ist klar schwaecher} 40. Rc1 Qxc1+ 41. Bxc1 $15)
) 38... Rxe5 39. b5 (39. h3 {hilft allerdings auch nicht} 39... Rge6 $19) 39...
axb5 40. Qf4 (40. cxb5 {macht keinen grossen Unterschied} 40... Rxb5 41. h3 Rb1
42. Rxb1 Qxb1+ 43. Kh2 Qb8+ 44. Kg1 44... Rg3 $19) 40... Rge6 41. cxb5 Qxb5 (
41... Rxe4 $142 {entschiede die Partie sofort} 42. Rxe4 Rxe4 43. Qd2 $19) 42.
h3 Qb2 (42... d5 {waere im Gewinnsinne praeziser} 43. Rf1 Qe8 44. Qg3 Rxe4 45.
Ra1 $19) 43. Rc1 0-1

[Event "ICS rated blitz match"]
[Site "207.99.83.229"]
[Date "1999.06.12"]
[Round "?"]
[White "matar"]
[Black "Hossa"]
[Result "0-1"]
[WhiteElo "2212"]
[BlackElo "2429"]
[PlyCount "57"]

1. e4 e5 2. Nf3 Nc6 3. Bb5 a6 4. Ba4 Nf6 5. Bxc6 dxc6 6. d3 Bc5 7. Nbd2 Ng4 8.
O-O O-O 9. h3 Nxf2 10. Rxf2 Bxf2+ 11. Kxf2 f5 12. Qe2 fxe4 13. Nxe4 Qd5 14. Bd2
Qd4+ 15. Kf1 Qxb2 16. Bc3 Qb6 17. Bxe5 Bf5 18. Bd4 Qa5 19. Kg1 Rae8 20. Rf1
Bxe4 21. dxe4 Qxa2 22. Qd3 Rf4 23. Re1 Qe6 24. Ng5 Qe7 25. Qc4+ Kh8 26. Nf3 Qd6
27. Bb2 Rxf3 28. gxf3 Qg3+ 29. Kf1 {matar resigns} 0-1

[Event "ICS rated blitz match"]
[Site "207.99.83.229"]
[Date "1999.06.12"]
[Round "?"]
[White "matar"]
[Black "Hossa"]
[Result "1-0"]
[WhiteElo "2202"]
[BlackElo "2436"]
[PlyCount "113"]

1. e4 e5 2. Nf3 Nc6 3. Bb5 a6 4. Ba4 Nf6 5. Bxc6 dxc6 6. d3 Bc5 7. Nbd2 Ng4 8.
O-O O-O 9. h3 Nxf2 10. Rxf2 Bxf2+ 11. Kxf2 f5 12. Kg1 fxe4 13. Nxe4 Bf5 14. Be3
Bxe4 15. dxe4 Qe8 16. Qe2 Qe6 17. b3 Rad8 18. Rd1 Rxd1+ 19. Qxd1 b6 20. Qd3 b5
21. Bc5 Re8 22. Ng5 Qf6 23. Qg3 Qd8 24. Kh2 a5 25. Qg4 g6 26. Qh4 Qd7 27. Nf3
Qg7 28. Be3 b4 29. Bh6 Qf7 30. Ng5 Qf6 31. Qg4 Qf4+ 32. Qxf4 exf4 33. Kg1 Re5
34. Kf2 Rc5 35. Kf3 Rc3+ 36. Kxf4 Rxc2 37. e5 Rxg2 38. e6 Rxa2 39. Ne4 Re2 40.
Kf3 Rxe4 41. Kxe4 a4 42. bxa4 b3 43. Bc1 b2 44. Bxb2 c5 45. a5 Kf8 46. a6 Ke7
47. Ke5 Kf8 48. a7 Kg7 49. a8=Q c4 50. e7 Kh6 51. Bc1+ Kh5 52. e8=Q c3 53. Qf7
h6 54. Qaf3+ Kh4 55. Qxg6 h5 56. Qgg4+ hxg4 57. Qxg4# {Hossa checkmated} 1-0

[Event "ICS rated blitz match"]
[Site "207.99.83.229"]
[Date "1999.06.12"]
[Round "?"]
[White "Hossa"]
[Black "matar"]
[Result "1-0"]
[WhiteElo "2411"]
[BlackElo "2226"]
[PlyCount "89"]

1. e4 c5 2. Nf3 e6 3. d4 cxd4 4. Nxd4 a6 5. Bd3 Nf6 6. O-O Qc7 7. Nc3 Nc6 8.
Be3 Ne5 9. Be2 d6 10. f4 Nc6 11. Nxc6 bxc6 12. Bd4 e5 13. fxe5 dxe5 14. Be3 Be7
15. Qe1 O-O 16. Qg3 Rb8 17. Bg5 Kh8 18. b3 Rb4 19. Bc4 Be6 20. Bxf6 Bxf6 21.
Bxe6 fxe6 22. Rf2 Rd4 23. Raf1 Rfd8 24. Qg4 Qe7 25. Qe2 Qa7 26. Qe3 Kg8 27. Kh1
Qc5 28. a4 Rc4 29. Qxc5 Rxc5 30. Nb1 h6 31. Na3 Rc3 32. Nc4 Rd4 33. Re2 Rd7 34.
g3 Rd4 35. Nb2 Kf7 36. Nd3 Ke7 37. g4 c5 38. Rfe1 c4 39. bxc4 Rdxc4 40. Nb2 Rb4
41. Rb1 Bg5 42. Kg2 Be3 43. Nd1 Rxb1 44. Nxc3 Bd4 45. Nxb1 {matar resigns} 1-0

[Event "ICS Rated standard match"]
[Site "207.99.83.229"]
[Date "1999.06.12"]
[Round "?"]
[White "Hossa"]
[Black "robbok1"]
[Result "0-1"]
[WhiteElo "2301"]
[BlackElo "2384"]
[PlyCount "69"]

1. e4 c5 2. Nf3 Nc6 3. d4 cxd4 4. Nxd4 e5 5. Nb5 d6 6. N1c3 a6 7. Na3 b5 8. Nd5
Nce7 9. c4 Nxd5 10. cxd5 f5 11. exf5 Bxf5 12. Be2 Nf6 13. O-O Be7 14. f4 Qb6+
15. Kh1 Ne4 16. g4 Bg6 17. Qe1 Nf6 18. fxe5 dxe5 19. Bf3 e4 20. g5 exf3 21. Be3
Qd6 22. gxf6 Qxd5 23. Rf2 Bxf6 24. Bd4+ Kf7 25. Bxf6 gxf6 26. Qc3 Rac8 27. Qe3
Rhe8 28. Qb6 Rc6 29. Qb7+ Re7 30. Qb8 Qd4 31. Qg3 b4 32. Rg1 bxa3 33. bxa3 Rc3
34. h4 Re4 35. Rgf1 {Hossa resigns} 0-1

[Event "ICS Rated standard match"]
[Site "207.99.83.229"]
[Date "1999.06.13"]
[Round "?"]
[White "Hossa"]
[Black "robbok1"]
[Result "0-1"]
[WhiteElo "2278"]
[BlackElo "2407"]
[PlyCount "75"]

1. e4 c5 2. Nf3 Nc6 3. d4 cxd4 4. Nxd4 e5 5. Nb5 d6 6. N1c3 a6 7. Na3 b5 8. Nd5
Nce7 9. c4 Nxd5 10. cxd5 f5 11. exf5 Bxf5 12. Be2 Nf6 13. O-O Be7 14. f4 Qb6+
15. Kh1 Ne4 16. g4 Bg6 17. Qe1 Nf6 18. fxe5 dxe5 19. Bf3 e4 20. g5 exf3 21. Be3
Qd6 22. gxf6 Qxd5 23. Rf2 Bxf6 24. Bd4+ Kf7 25. Bxf6 gxf6 26. Qc3 Rac8 27. Qe3
Rhe8 28. Qb6 Rc6 29. Qb7+ Re7 30. Qb8 Qe4 31. Raf1 Qd4 32. Qg3 b4 33. Nb1 Re2
34. Nd2 Qxd2 35. Qxf3 Be4 36. Qxe4 Rxf2 37. Qxh7+ Ke6 38. Qe4+ {Hossa resigns}
0-1

[Event "ICS rated blitz match"]
[Site "207.99.83.229"]
[Date "1999.06.13"]
[Round "?"]
[White "Secret"]
[Black "Hossa"]
[Result "1-0"]
[WhiteElo "2264"]
[BlackElo "2419"]
[PlyCount "123"]

1. e4 c5 2. Nc3 Nc6 3. g3 g6 4. Bg2 Bg7 5. Nge2 Nf6 6. O-O O-O 7. d3 d6 8. h3
Be6 9. Be3 Qb6 10. Rb1 Qa5 11. Qd2 Nh5 12. a3 f5 13. exf5 gxf5 14. Bg5 Qd8 15.
b4 cxb4 16. axb4 Rc8 17. Qe3 Qd7 18. b5 Nd8 19. d4 f4 20. Bxf4 Bxh3 21. Bxh3
Qxh3 22. Nd5 Kh8 23. Qxe7 Rf7 24. Qe8+ Rf8 25. Qe4 Ne6 26. Be3 Nf6 27. Nxf6
Bxf6 28. b6 d5 29. Qxd5 Rxc2 30. Rfe1 a5 31. Qxb7 Qf5 32. Qa6 Rcc8 33. b7 Rb8
34. Rb5 Qe4 35. Nc3 Qg4 36. Nd5 Bg7 37. Rxa5 Nxd4 38. Bxd4 Bxd4 39. Ne3 Qf3 40.
Qe2 Qxb7 41. Rg5 Qe7 42. Rf5 Rbe8 43. Rxf8+ Rxf8 44. Qd2 Qe5 45. Re2 h5 46. Nf5
Qxf5 47. Qxd4+ Kh7 48. Re5 Qf3 49. Rg5 Rf7 50. Qb2 Kh6 51. Rg8 Rf6 52. Qd2+ Kh7
53. Rg5 Rf7 54. Qc2+ Kh8 55. Qc5 Qf6 56. Qc8+ Rf8 57. Rxh5+ Kg7 58. Qg4+ Qg6
59. Rg5 Kf7 60. Rxg6 Rd8 61. Qe6+ Kf8 62. Rg8# {Hossa checkmated} 1-0

[Event "ICS rated blitz match"]
[Site "207.99.83.229"]
[Date "1999.06.13"]
[Round "?"]
[White "Hossa"]
[Black "Pikulis"]
[Result "1-0"]
[WhiteElo "2396"]
[BlackElo "2149"]
[PlyCount "59"]

1. e4 c5 2. Nf3 Nc6 3. d4 cxd4 4. Nxd4 g6 5. c4 Bg7 6. Be3 d6 7. Nc3 Nf6 8.
Nxc6 bxc6 9. Qd2 O-O 10. f3 Re8 11. O-O-O Ba6 12. Bh6 Bh8 13. c5 Bxf1 14. Rhxf1
dxc5 15. Qg5 Qb6 16. h4 Rab8 17. Rf2 Nh5 18. e5 c4 19. Rfd2 f6 20. Qg4 f5 21.
Qxc4+ e6 22. g4 Bxe5 23. gxh5 Re7 24. hxg6 hxg6 25. Rg2 Kh7 26. Bg5 Reb7 27. h5
Bxc3 28. hxg6+ Kxg6 29. Qxe6+ Kh7 30. Rh1+ {Pikulis resigns} 1-0

[Event "ICS rated blitz match"]
[Site "207.99.83.229"]
[Date "1999.06.13"]
[Round "?"]
[White "DavidAt9yrsOld"]
[Black "Hossa"]
[Result "1-0"]
[WhiteElo "2144"]
[BlackElo "2402"]
[PlyCount "85"]

1. d4 e6 2. c4 d5 3. Nf3 dxc4 4. e4 Bb4+ 5. Bd2 Bxd2+ 6. Nbxd2 b5 7. a4 Nc6 8.
axb5 Nxd4 9. Nxc4 Nxf3+ 10. Qxf3 Bb7 11. Na5 Qb8 12. Qg3 Kf8 13. f3 Nf6 14. Rc1
Ne8 15. Be2 Kg8 16. O-O Nd6 17. Nc6 Bxc6 18. Rxc6 Qd8 19. Rfc1 Ne8 20. Rd1 Qe7
21. e5 Rd8 22. Rxd8 Qxd8 23. Qf4 Qd5 24. Qe3 Qa2 25. Ra6 Qxb2 26. Bd3 Qb4 27.
Rxa7 Qf8 28. b6 cxb6 29. Ra8 h6 30. Qxb6 g6 31. h3 Kh7 32. Kh1 Qe7 33. Ra7 Qh4
34. Qxe6 Qe1+ 35. Kh2 Qxe5+ 36. Qxe5 Rf8 37. Bc4 h5 38. Bxf7 Nc7 39. Rxc7 Kh6
40. Qf4+ g5 41. Qd6+ Kh7 42. Qg6+ Kh8 43. Qh6# {Hossa checkmated} 1-0

[Event "ICS rated blitz match"]
[Site "207.99.83.229"]
[Date "1999.06.13"]
[Round "?"]
[White "Hossa"]
[Black "MiddleHead"]
[Result "1/2-1/2"]
[WhiteElo "2376"]
[BlackElo "2136"]
[PlyCount "115"]

1. e4 d6 2. d4 Nf6 3. f3 g6 4. c4 Bg7 5. Nc3 O-O 6. Bg5 c5 7. dxc5 dxc5 8. Qxd8
Rxd8 9. e5 Nfd7 10. Nd5 Nc6 11. O-O-O Ndxe5 12. Nxe7+ Kf8 13. Rxd8+ Nxd8 14.
Nd5 Ne6 15. h4 Nxg5 16. hxg5 Kg8 17. f4 Nc6 18. Nc7 Rb8 19. Nf3 Bf5 20. Nd5 Rd8
21. g3 Be6 22. Nc7 Bg4 23. Bg2 Rd7 24. Ne8 Bxf3 25. Bxf3 Nb4 26. Nxg7 Kxg7 27.
a3 Nc6 28. Bxc6 bxc6 29. Kc2 Rd4 30. b3 a5 31. Re1 a4 32. Re5 axb3+ 33. Kxb3
Rd3+ 34. Ka4 Rxg3 35. Rxc5 f6 36. gxf6+ Kxf6 37. Rxc6+ Kf5 38. Rc7 h5 39. Rf7+
Ke4 40. c5 h4 41. Kb4 h3 42. c6 Rg2 43. Rh7 h2 44. c7 Rc2 45. Rxh2 Rxc7 46. Rh4
Rb7+ 47. Kc5 Ra7 48. a4 Kf5 49. Kb5 Rb7+ 50. Kc4 Ra7 51. Kb3 Rb7+ 52. Ka3 Ra7
53. Kb4 Rb7+ 54. Ka5 Ra7+ 55. Kb4 Rb7+ 56. Ka5 Ra7+ 57. Kb4 Rb7+ 58. Ka5 {
Game drawn by repetition} 1/2-1/2

[Event "ICS rated blitz match"]
[Site "207.99.83.229"]
[Date "1999.06.13"]
[Round "?"]
[White "Hossa"]
[Black "MiddleHead"]
[Result "1/2-1/2"]
[WhiteElo "2366"]
[BlackElo "2163"]
[PlyCount "177"]

1. e4 d6 2. d4 Nf6 3. f3 g6 4. c4 Bg7 5. Nc3 O-O 6. Bg5 c5 7. dxc5 dxc5 8. Qxd8
Rxd8 9. e5 Nfd7 10. Nd5 Nc6 11. O-O-O Ndxe5 12. Nxe7+ Kf8 13. Rxd8+ Nxd8 14.
Nd5 Ne6 15. h4 h6 16. Be7+ Ke8 17. Bxc5 Nxc5 18. Nc7+ Kd8 19. Nxa8 Ned3+ 20.
Kb1 Nf2 21. Rh2 Be5 22. g3 Bxg3 23. Rg2 Bxh4 24. Rh2 g5 25. Nh3 Nxh3 26. Bxh3
Bxh3 27. Rxh3 Kc8 28. f4 Kb8 29. Re3 b6 30. Re8+ Kb7 31. Rh8 Ne6 32. f5 Nd4 33.
f6 Bg3 34. Rxh6 Kxa8 35. Rh8+ Kb7 36. Rf8 Be5 37. Rxf7+ Kc6 38. Rf8 Bd6 39. Rg8
Ne6 40. Kc2 Kd7 41. Rg7+ Ke8 42. Rxa7 g4 43. f7+ Kf8 44. Rd7 Bh2 45. Rb7 g3 46.
Rxb6 Kxf7 47. Rb7+ Kf6 48. Rd7 g2 49. Rd1 g1=Q 50. Rxg1 Bxg1 51. b4 Ke5 52. a4
Kd4 53. Kb3 Be3 54. c5 Kd5 55. Kc3 Bd4+ 56. Kb3 Bf2 57. a5 Nd4+ 58. Ka4 Kc6 59.
a6 Nb5 60. Kb3 Be1 61. a7 Nxa7 62. Ka4 Nb5 63. Kb3 Nc7 64. Kc4 Bd2 65. Kb3 Kb5
66. Ka3 Bxb4+ 67. Kb2 Kxc5 68. Kc1 Kc4 69. Kd1 Kd3 70. Kc1 Nb5 71. Kb2 Nd4 72.
Kc1 Ne2+ 73. Kb2 Kc4 74. Kc2 Bc3 75. Kd1 Nd4 76. Kc1 Kb3 77. Kd1 Bb4 78. Kc1
Kc3 79. Kd1 Kd3 80. Kc1 Bc3 81. Kd1 Nc2 82. Kc1 Nb4 83. Kb1 Bd2 84. Kb2 Kc4 85.
Ka3 Nc2+ 86. Ka4 Nd4 87. Ka3 Bb4+ 88. Ka4 Bc3 89. Ka3 {
MiddleHead ran out of time and Hossa has no material to mate} 1/2-1/2

[Event "ICS rated blitz match"]
[Site "207.99.83.229"]
[Date "1999.06.13"]
[Round "?"]
[White "QuickExpert"]
[Black "Hossa"]
[Result "0-1"]
[WhiteElo "2012"]
[BlackElo "2358"]
[Annotator "Fritz 5.32 (30s)"]
[PlyCount "46"]

1. Nc3 1... e5 {Opening = 1.Nc3} 2. Nf3 Nc6 3. d4 exd4 4. Nxd4 Nf6 5. Bg5 Bb4
6. Nxc6 (6. e3 O-O 7. Be2 h6 8. Bxf6 Bxc3+ 9. bxc3 Qxf6 10. O-O d5 11. Rb1 Rd8
12. Nxc6 Qxc6 13. Qd4 Be6 14. Bf3 b6 15. c4 Rab8 16. Rb4 Qe8 17. c5 Qe7 18. c6
Rd6 19. Qc3 Qe8 20. Rd4 20... Qxc6 {
Ivanchuk,V-Anand,V/Monaco, Blindfold 1998/0-1 (56)}) 6... Bxc3+ 7. bxc3 bxc6 8.
Qd4 $146 (8. g3 h6 9. Be3 O-O 10. Bg2 Re8 11. O-O Ba6 12. Re1 Rxe3 13. fxe3 Ng4
14. Qd4 Qg5 15. Bh3 Nxe3 16. Qxd7 Qc5 17. Qd4 Qxd4 18. cxd4 Nxc2 19. Kf2 Nxe1
20. Rxe1 Re8 21. Bg2 Rd8 22. Ke3 22... Rd6 {
Pel,B-Ernst,S/Open, Hoogeveen NED 1997/0-1 (36)}) 8... O-O 9. Bxf6 $11 (9. e3
9... Re8 $14) 9... Qxf6 10. Qxf6 gxf6 11. Rb1 d6 12. e3 c5 13. Be2 Be6 14. c4
Rfb8 15. Kd2 15... c6 $14 (15... Rb6 16. Rb3 $11) 16. c3 (16. Kc3 16... Kf8 $14
) 16... a5 (16... Rb6 17. Rhd1 $11) 17. Kc2 a4 18. Rxb8+ $11 (18. Rhd1 Bf5+ 19.
Bd3 19... Be6 $14) 18... Rxb8 19. Ra1 $15 (19. Bd3 $5 $14 $142 {
und Weiss spielt mit}) 19... Bf5+ 20. Kc1 $17 (20. Bd3 Bxd3+ 21. Kxd3 21... Rb2
$17) 20... a3 21. Bf3 $19 (21. Kd1 $5 $17 $142) 21... Rb2 22. e4 Be6 23. Rb1
Rxa2 (23... Rxa2 24. Rb8+ 24... Kg7 $19) 0-1

[Event "ICS rated blitz match"]
[Site "207.99.83.229"]
[Date "1999.06.13"]
[Round "?"]
[White "MiddleHead"]
[Black "Hossa"]
[Result "0-1"]
[WhiteElo "2190"]
[BlackElo "2362"]
[Annotator "Fritz 5.32 (30s)"]
[PlyCount "43"]

1. e4 1... c5 {Opening = 7.Bg5 a6 8.Na3 b5 9.---} 2. Nf3 Nc6 3. d4 cxd4 4. Nxd4
Nf6 5. Nc3 e5 6. Ndb5 d6 7. Bg5 a6 8. Na3 b5 9. Nd5 Be7 10. Bxf6 Bxf6 11. c4 b4
12. Nc2 Rb8 13. b3 (13. g3 b3 14. axb3 Rxb3 15. Ncb4 Nd4 16. Nc6 Bg4 17. Qxg4
Nxc6 18. Bh3 O-O 19. Rxa6 Nb4 20. Nxb4 Rxb4 21. Qe2 {
- Wittmann,W-Braga,F/Bad Worishofen tt 1993 (21)}) 13... O-O 14. Bd3 (14. g3
Bg5 15. Bg2 f5 16. exf5 Bxf5 17. O-O Kh8 18. Qe2 Qd7 19. Rae1 a5 20. Qd1 Rbe8
21. Be4 g6 22. Bxf5 {- Watzka,H-Hanel,R/AUT-chT 95/96 (03) 1995 (22)}) 14...
Bh4 $146 (14... Bg5 15. h4 Bh6 16. g4 g6 17. Qf3 Bg7 18. h5 Qg5 19. Nce3 Be6
20. Nc7 a5 21. hxg6 hxg6 22. Qh3 Rfd8 23. Qh4 Qxh4 24. Rxh4 Bf6 25. Nxe6 fxe6
26. Rh3 Bg5 27. Nc2 Kg7 28. Ke2 Rh8 29. Rah1 {
Mark,G-(USA),C/Chicago (USA) 1992/ - (61)}) 15. Nce3 15... Nd4 $14 {
Laesst den Springer von der Leine} (15... Bg5 16. O-O $11) 16. O-O Be6 17. Qe1
Qg5 (17... a5 18. Qd1 $11) 18. Kh1 (18. Nxb4 $4 {
der kann natuerlich nicht genommen werden} 18... Nf3+ 19. Kh1 Nxe1 20. Raxe1
20... Rxb4 $19) 18... a5 19. Rd1 $11 (19. g3 $5 19... Bxd5 20. Nxd5 $14 (20.
cxd5 $6 20... Qh6 $14) (20. exd5 $6 20... Qh5 $11)) 19... Qh5 20. Nc2 20... Bg4
$14 (20... Nf3 21. gxf3 Qxf3+ 22. Kg1 Qg4+ 23. Kh1 Qf3+ 24. Kg1 Qg4+ 25. Kh1
25... Qf3+ $11) 21. Qd2 $4 $19 {und der Gewinn ist perdu} (21. Nxd4 $142 {
ist die einzige Rettung} 21... Bxd1 22. Nc6 $11) 21... Nf3 $1 {
nicht am Material kleben ist die Devise} (21... Bxd1 $6 {ist minderwertig} 22.
Nxd4 exd4 23. Qxd1 Qxd1 24. Rxd1 Bxf2 25. Ne7+ Kh8 26. Nf5 $19) 22. Qe3 (22.
Nf4 {die letzte Gegenchance} 22... exf4 23. Qxf4 $19) 0-1

[Event "ICS rated blitz match"]
[Site "207.99.83.229"]
[Date "1999.06.13"]
[Round "?"]
[White "Hossa"]
[Black "MiddleHead"]
[Result "1-0"]
[WhiteElo "2371"]
[BlackElo "2181"]
[Annotator "Fritz 5.32 (30s)"]
[PlyCount "62"]

1. e4 1... d6 {Opening = E81 - 5.f3 0-0(6.Be3 ---)} 2. d4 Nf6 3. f3 g6 4. c4
Bg7 5. Nc3 O-O 6. Bg5 c5 7. dxc5 dxc5 8. Qxd8 Rxd8 9. e5 Nfd7 10. Nd5 Nc6 11.
O-O-O 11... Ndxe5 $146 (11... Bxe5 12. Bxe7 Nxe7 13. Nxe7+ Kf8 14. Nxc8 Raxc8
15. g3 $15) 12. Nxe7+ (12. Bxe7 $2 12... Rxd5 13. Rxd5 Nxe7 14. Rxc5 14... a6
$17) 12... Kf8 13. Rxd8+ Nxd8 14. Nd5 {Der Springer hat sein Ziel erreicht}
14... Ne6 15. h4 15... Nxg5 $14 (15... b6 16. Be7+ Kg8 17. Nf6+ Kh8 18. h5 $11)
16. hxg5 Kg8 17. f4 Nc6 18. Nc7 Rb8 19. Nf3 (19. Ne2 19... b6 $11) 19... b6 (
19... Bf5 20. Nd5 $11) 20. Ne8 Bf5 21. Nxg7 Kxg7 22. Rh4 Re8 23. b3 (23. Kd2
23... Be4 $11) 23... Nb4 (23... Be4 24. Nh2 $15) 24. Kb2 24... Nd3+ $14 (24...
Re3 $5 $11) 25. Bxd3 Bxd3 26. Ne5 Be4 27. g3 Rd8 28. Rh2 Rd1 29. Ng4 Rb1+ 30.
Ka3 30... Rg1 $16 (30... Rh1 31. Rd2 Bf5 32. Nh6 $14) 31. Nf6 31... Bd3 $4 $18
{verschlechtert die Stellung weiter} (31... Bc6 $142 32. Rd2 32... Kf8 $16 (
32... Rxg3 $4 {das Schlagen des Bauern ist schlecht} 33. Rd8 Rxb3+ 34. axb3 Be8
35. Rxe8 h5 36. Rg8#)) 1-0

[Event "ICS rated blitz match"]
[Site "207.99.83.229"]
[Date "1999.06.13"]
[Round "?"]
[White "Hossa"]
[Black "MiddleHead"]
[Result "1-0"]
[WhiteElo "2379"]
[BlackElo "2170"]
[Annotator "Fritz 5.32 (30s)"]
[PlyCount "44"]

1. e4 1... d6 {Opening = E81 - 5.f3 0-0(6.Be3 ---)} 2. d4 Nf6 3. f3 g6 4. c4
Bg7 5. Nc3 O-O 6. Bg5 Nbd7 7. Qd2 c5 8. d5 a6 9. Bh6 (9. Nh3 b5 10. cxb5 Ne5 (
10... Qa5 11. Nf2 Rb8 12. a4 axb5 13. Bxb5 Ba6 14. O-O Ne5 15. Qe2 Bxb5 16.
axb5 Qc7 17. Ra6 h6 18. Be3 Rb7 19. Rfa1 Rfb8 20. f4 Ned7 21. Ra8 Ne8 22. Rxb8
Qxb8 23. Ra5 Kh7 24. h3 Nc7 25. Nfd1 {
Harestad,T-Hersvik,D/Stavanger NOR 1998/0-1 (45)}) 11. Nf2 axb5 12. Bxb5 Qa5
13. O-O Ba6 14. Bxa6 Rxa6 15. Qe2 h6 16. Be3 Rb8 17. Rac1 Rab6 18. Rc2 Ne8 19.
Rd1 Nc7 20. Bd2 Nb5 21. Nxb5 Qxb5 22. Qxb5 Rxb5 23. b3 23... Ra8 {
SaabMaster-evbad/Internet Chess Club 1997/0-1 (59)}) 9... b5 10. cxb5 10...
axb5 $146 (10... Nb6 11. Bxg7 Kxg7 12. b3 e6 13. bxa6 exd5 14. Nxd5 Nfxd5 15.
exd5 Re8+ 16. Kf2 Qf6 17. Rc1 Re5 18. Bc4 Bxa6 19. Ne2 Bb7 20. Nc3 Nxc4 21.
bxc4 Qh4+ 22. g3 Qxc4 23. Rhd1 Rae8 24. Qb2 Qb4 25. Rb1 {
Brooke,J-Berry,N/2nd Caledonian Masters, Edinburgh SCO 1997/0-1 (35)}) (10...
Bxh6 11. Qxh6 Ne5 12. a4 $14) 11. Bxb5 Ba6 (11... Bxh6 12. Qxh6 e6 13. Bxd7
Qxd7 14. dxe6 fxe6 15. Nge2 $14) 12. Bxg7 Kxg7 13. Bxa6 Rxa6 14. Nge2 Qb6 15.
O-O c4+ 16. Kh1 Nc5 17. Qd4 17... Qxb2 $2 $18 (17... Nd3 $16 $142) 18. e5 (18.
Qxc4 $6 18... Ra3 $16) 18... Nb3 (18... Nfd7 19. exd6+ Kg8 20. dxe7 $18) 19.
exf6+ (19. axb3 Rxa1 20. exf6+ 20... exf6 $17) 19... exf6 20. Qxc4 (20. axb3 {
waere hingegen schwach, denn} 20... Rxa1 21. Rg1 21... cxb3 $17) 20... Rfa8 21.
Rab1 (21. Qxb3 $6 {ist klar schwaecher} 21... Qxb3 22. axb3 22... Rxa1 $18) (
21. axb3 $6 {bringt nichts} 21... Rxa1 22. Rg1 Rxg1+ 23. Kxg1 23... Rb8 $16)
21... Nd2 22. Qxa6 Qxb1 (22... Rxa6 {haette noch versucht werden koennen} 23.
Rxb2 23... Nxf1 $18) 1-0

[Event "ICS rated blitz match"]
[Site "207.99.83.229"]
[Date "1999.06.13"]
[Round "?"]
[White "Secret"]
[Black "Hossa"]
[Result "1/2-1/2"]
[WhiteElo "2293"]
[BlackElo "2386"]
[Annotator "Fritz 5.32 (30s)"]
[PlyCount "148"]

1. e4 1... c5 {Opening = 9.Bf6} 2. Nf3 Nc6 3. d4 cxd4 4. Nxd4 Nf6 5. Nc3 e5 6.
Ndb5 d6 7. Bg5 a6 8. Na3 b5 9. Bxf6 gxf6 10. Nd5 f5 11. Bd3 Be6 12. O-O Rc8 (
12... Bxd5 13. exd5 Ne7 14. c3 Bg7 15. Qh5 e4 16. Bc2 Qc8 17. Rae1 O-O 18. Bb3
a5 19. Nxb5 a4 20. Bd1 Qc5 21. Nd4 Qxd5 22. Qg5 Qe5 23. f4 Qf6 24. g4 d5 25. a3
Rfb8 26. Re2 Qxg5 27. fxg5 fxg4 28. Ref2 Bxd4 29. cxd4 Nc6 30. Bxg4 Ra7 31. Bh5
Nxd4 32. Bxf7+ Rxf7 33. Rxf7 Nf3+ 34. R1xf3 exf3 35. Rxf3 Rxb2 36. Rf4 Rb1+ 37.
Kg2 37... Rb2+ {- Nunn,J-McShane,L/Premier, Hastings ENG 1998 (37)}) 13. c3
$146 {Staerkt b4+d4} (13. c4 fxe4 14. Bxe4 Nd4 15. Re1 f5 16. Qxd4 exd4 17.
Bxf5 bxc4 18. Rxe6+ Kf7 19. Rf6+ Kg7 20. Bxc8 Qxc8 21. Rd1 Qc5 22. Rf5 c3 23.
Rd3 cxb2 24. Rg3+ Kh6 25. Rf6+ Kh5 26. Nf4+ Kh4 27. h3 Qc8 28. Ne6 Qc1+ 29. Kh2
d5 30. Rg4+ Kh5 31. g3 Qh1+ 32. Kxh1 b1=Q+ 33. Nxb1 Bd6 34. Ng7# {
1-0 Bucephalus-MaxII/ICS 1995 (34)}) 13... Bg7 14. Qf3 fxe4 15. Bxe4 ({Dagegen
} 15. Qxe4 15... f5 16. Qf3 e4 17. Bxe4 fxe4 18. Qxe4 18... Ne5 $17) 15... O-O
16. Ne3 16... Qd7 $16 (16... b4 17. cxb4 Nd4 18. Qh5 $14) 17. Nf5 Ne7 18. Nxg7
Kxg7 19. Bb7 Rb8 20. Bxa6 20... Rb6 $16 (20... b4 21. Nc2 b3 22. axb3 Rxb3 23.
Rfb1 $14) 21. Bxb5 Rxb5 22. Nxb5 Qxb5 23. b3 {Verwehrt dem Gegner c4} 23... Qc6
$16 (23... Rg8 24. c4 Qc6 25. Qxc6 Nxc6 26. f4 $16) 24. Qg3+ $14 (24. Qxc6 Nxc6
25. Rfd1 25... d5 $16) 24... Kh8 25. Qh4 25... Ng8 $14 (25... f6 $5 $11 {
ist zu erwaegen}) 26. c4 d5 27. Qg3 dxc4 28. Qxe5+ f6 29. Qc3 Bd5 30. g3 cxb3
31. Qxc6 Bxc6 32. axb3 Rb8 33. Rfc1 Bd5 34. Rc5 Bxb3 35. Rb1 Rb7 36. Rc3 $11 (
36. f3 36... Nh6 $14) 36... Bd5 {Es droht Matt} 37. Rxb7 Bxb7 38. Rc7 Bf3 39.
Rf7 Bh5 40. Rc7 Nh6 41. Kg2 Nf7 (41... Kg8 42. f3 $11) 42. g4 Bg6 43. f4 Be4+
44. Kf2 Kg7 45. Ke3 Bg2 46. h4 Bd5 (46... h6 47. Kf2 Bd5 48. h5 $11) 47. Ra7
Bb3 48. Re7 (48. f5 48... h6 $11) 48... Bd1 49. g5 f5 50. Rd7 50... Bb3 $16 (
50... Bh5 $5 $11 {ist vielleicht staerker}) 51. h5 Ba4 (51... Be6 52. Rb7 $16)
52. Rc7 Bb5 (52... Bb3 53. Kd4 $16) 53. Rc8 Ba4 54. h6+ (54. Kd4 Bd1 55. h6+
Nxh6 56. gxh6+ 56... Kxh6 $16) 54... Nxh6 55. gxh6+ Kxh6 56. Kd4 (56. Rg8 56...
Bc2 $16) 56... Kg7 $18 (56... Bd1 $5 $16) 57. Ke5 h5 58. Rc3 Kg6 59. Rg3+ Kh6
60. Kxf5 Bd7+ (60... Bc2+ 61. Ke5 $18) 61. Kf6 h4 62. Rg8 {Droht Matt} 62...
Kh5 63. f5 Bb5 64. Kg7 Kg4 65. f6 Bc4 66. f7 (66. Rd8 {
gibt noch groesseren Vorteil} 66... Be6 $18) 66... Bxf7 67. Kxf7+ 67... Kf4 $4
$18 {gibt den Vorteil aus der Hand} (67... Kf3 $11 $142 {geht wohl noch}) 68.
Rh8 $11 (68. Ke6 $18 $142 {sichert den Gewinn}) 68... Kg4 $4 $18 {
wirft den Vorteil weg} (68... Kg3 $11 $142 {ist gerade noch spielbar}) 69. Ke6
h3 70. Kd5 Kg3 71. Kc6 h2 72. Kb5 Kg2 73. Rh7 h1=Q 74. Rxh1 Kxh1 1/2-1/2